000 00838nam a2200229Ia 4500
001 15987
003 GE_BSU
008 181216s||||||||xx |||||||||||||| ||und||
040 _cGE_BSU
080 _a821.353.1-7
100 _aხინველი, ისაკი
245 _aლევარსი როხროხაძე
245 _bიუმორ. მოთხრობები და ლექსები
245 _cრედ.ნ.კანდელაკი. მხ.ნ.ხინველი
260 _aთბილისი
260 _bსაბჭ. საქართველო
260 _c1972
300 _a224გვ. ; 17სმ
653 _aიუმორ. მოთხრობები და ლექსები
653 _aლევარსი როხროხაძე
942 _cBK
999 _c49080
_d49080